000
00275nam a2200109Ia 4500
008
230907s9999||||xx |||||||||||||| ||und||
082
_a
612.022
_b
TER
100
_a
Terman, Michael.
_9
116120
245
0
_a
Reset your inner clock :
300
_a
xxxvi, 312 pages ;
942
_c
BK
999
_c
601114
_d
601114